Lenguaje poético de Miguel de Unamuno

Podrobná bibliografie
Hlavní autor: Álvarez S., Judith
Médium: Diplomová práce Kniha
Jazyk:Spanish
Témata:

MARC

LEADER 00000cam a2200000 a 4500
001 TG-78
005 20230308191440.0
008 977112| ||||||||r|||||||||||spa||
040 |b spa 
041 1 |a spa 
100 1 |a Álvarez S., Judith.  |9 128557 
245 |a Lenguaje poético de Miguel de Unamuno  |c Judith Alvarez S. Director. Carlos Pérez Agustí  |h dact 
264 |a Cuenca  |c s.f. 
300 |a 41 páginas:  |c 32 cm 
502 |a Profesor de segunda enseñanza  |b Universidad de Cuenca  |c filo  |d Pérez Agustí, Carlos, dir. 
650 |a Unamuno miguel de  |9 5553 
650 |a Seminario  |9 142 
650 |a Literatura española  |9 218293 
852 |a UC-CDJBV  |c ESTANTERIA CERRADA  |f Donación  |k npena  |l 1  |m Limitada  |p 19771124  |q 10.00  |t TG-78  |y 59026  |b 1  |d CDRC  |e CDRC  |g  ESTANTERIA CERRADA  |z 1977-71-12 
942 |c TS 
999 |c 76262  |d 76262